Statistiques concernant They Shoot Pictures, Don't They? - films 741 à 760

Cliquez ici pour prendre le quiz!

Statistiques générales

  • Ce quiz a été pris 20 fois
  • Le résultat moyen est 6 sur 20

Statistiques - réponses

Réponse% Correct
La Fureur de vivre
81%
Un prophète
63%
Bonjour
56%
L'Enfant Sauvage
56%
Arizona Junior
50%
Roma
44%
Lolita
31%
Monsieur Smith au Sénat
31%
Frankenstein Junior
25%
Hunger
25%
L'homme qui voulut être roi
25%
Les Aventures du prince Ahmed
19%
Walden (Diaries, Notes and Sketches)
19%
Zelig
13%
Folies de femmes
6%
Gare centrale
6%
Mère et fils
6%
Un chant d'amour
6%
Une place au soleil
6%
Un nouveau départ
0%

Distribution des résultats

Percentile par nombre de réponses

% des personnes avec chaque résultat

Votre développement - résultats

Vous n’avez pas pris ce quiz